000 00800nam a2200229Ia 4500
001 9651
003 GE_BSU
008 181216s||||||||xx |||||||||||||| ||und||
040 _cGE_BSU
080 _a82-93
100 _aმრელაშვილი,ლადო
245 _aიყალთოელი ბიჭები
245 _bმოთხრობა საშ.ასკ.ასაკის ბავშვ.
245 _cრედ.ლ.ქადაგიშვილი.მხატვ.ზ. მეძმარიაშვილი
260 _aთბილისი
260 _bნაკადული
260 _c1974
300 _a243გვ.ილ.21სმ.
653 _aიყალთოელი ბიჭები
653 _aმოთხრობა
942 _cBK
999 _c42935
_d42935